Účetnictví pro studijní obor EVO Sbírka úloh

Guardado en:
Detalles Bibliográficos
Autor principal: Müllerová, Libuše
Autor Corporativo: Vysoká škola ekonomická v Praze. Fakulta řízení
Otros Autores: Roubíčková, Jaroslava, Jindrová, Blanka
Formato: Libro
Lenguaje:checo
Publicado: Praha Státní pedagogické nakladatelství 1989
Edición:1. vyd.
Etiquetas: Agregar Etiqueta
Sin Etiquetas, Sea el primero en etiquetar este registro!

MARC

LEADER 00000nam a2200000 4500
001 c026894
005 20221215120904.0
041 0 |a cze 
044 |a CZ 
245 1 0 |a Účetnictví pro studijní obor EVO  |b Sbírka úloh  |c Libuše Müllerová, Jaroslava Roubíčková, Blanka Jindrová 
250 |a 1. vyd. 
264 1 |a Praha  |b Státní pedagogické nakladatelství  |c 1989 
300 |a 114 s. 
100 1 |a Müllerová, Libuše 
700 1 |a Roubíčková, Jaroslava 
700 1 |a Jindrová, Blanka 
710 2 |a Vysoká škola ekonomická v Praze. Fakulta řízení